[Event "CRO-chT1A 24th"]
[Site "Bol"]
[Date "2015.10.10"]
[Round "8.34"]
[White "Vukelic, Tomislav"]
[Black "Petrov, Jole"]
[Result "1/2-1/2"]
[WhiteElo "2200"]
[BlackElo "2416"]
[PlyCount "78"]
[EventDate "2015.10.03"]
[EventType "team-tourn"]
[EventRounds "9"]
[EventCountry "CRO"]
[SourceTitle "CBM 168 Extra"]
[Source "ChessBase"]
[SourceDate "2015.10.29"]
[SourceVersion "1"]
[SourceVersionDate "2015.10.29"]
[SourceQuality "1"]
[WhiteTeam "Slavonski Brod Djakovic"]
[BlackTeam "Rijeka Rijeka"]
[WhiteTeamCountry "CRO"]
[BlackTeamCountry "CRO"]

1. e4 d5 2. exd5 Nf6 3. d4 Bg4 4. Be2 Bxe2 5. Qxe2 Qxd5 6. Nf3 e6 7. 0-0 Nc6 8. Nc3 Qf5 9. Be3 0-0-0 10. a3 Bd6 11. Nb5 Rhg8 12. Nxd6+ Rxd6 13. Rfd1 Rgd8 14. Re1 Nd5 15. c3 Nf4 16. Bxf4 Qxf4 17. g3 Qf5 18. Ne5 Nxe5 19. Qxe5 Qg6 20. Qe4 Qxe4 21. Rxe4 Rd5 22. Rc1 a5 23. h4 c6 24. Rc2 Kc7 25. Kg2 b5 26. Kf3 Kb6 27. Ke2 a4 28. Rg4 g6 29. Re4 c5 30. dxc5+ Rxc5 31. Rd2 Rxd2+ 32. Kxd2 Rd5+ 33. Kc2 Kc5 34. f4 h5 35. Re3 Kd6 36. b3 axb3+ 37. Kxb3 f6 38. c4 bxc4+ 39. Kxc4 Ra5 1/2-1/2

[Event "CRO-chT1A 24th"]
[Site "Bol"]
[Date "2015.10.08"]
[Round "6.25"]
[White "Medak, Bojan"]
[Black "Vukelic, Tomislav"]
[Result "0-1"]
[WhiteElo "2400"]
[BlackElo "2200"]
[PlyCount "88"]
[EventDate "2015.10.03"]
[EventType "team-tourn"]
[EventRounds "9"]
[EventCountry "CRO"]
[SourceTitle "CBM 168 Extra"]
[Source "ChessBase"]
[SourceDate "2015.10.29"]
[SourceVersion "1"]
[SourceVersionDate "2015.10.29"]
[SourceQuality "1"]
[WhiteTeam "Osijek EFT"]
[BlackTeam "Slavonski Brod Djakovic"]
[WhiteTeamCountry "CRO"]
[BlackTeamCountry "CRO"]

1. Nf3 d5 2. c4 c6 3. b3 Bf5 4. Bb2 e6 5. g3 Nf6 6. Bg2 Nbd7 7. d3 h6 8. 0-0 Bc5 9. Nbd2 0-0 10. a3 a5 11. Ra2 Re8 12. Qa1 Bf8 13. Re1 Bh7 14. Bc3 Qb6 15. h3 Bc5 16. Bd4 Bxd4 17. Qxd4 Qxd4 18. Nxd4 e5 19. Nc2 e4 20. cxd5 exd3 21. exd3 Nxd5 22. Bxd5 cxd5 23. d4 Rxe1+ 24. Nxe1 Rc8 25. Ng2 Rc1+ 26. Kh2 Nf6 27. Ne3 Kf8 28. a4 Ne4 29. Kg2 Nc3 30. Rb2 b6 31. Kf3 Ke8 32. Kf4 Kd7 33. g4 Ke6 34. Kf3 Bd3 35. Ng2 g5 36. Ne3 Rg1 37. Nf5 Be2+ 38. Ke3 Nd1+ 39. Kxe2 Nxb2 40. Nf3 Rh1 41. Kd2 Rf1 42. Ke2 Ra1 43. Nxh6 f6 44. Nf5 Nd1 0-1

[Event "CRO-CupT final"]
[Site "Sibenik"]
[Date "2015.05.23"]
[Round "5.4"]
[White "Vukelic, Tomislav"]
[Black "Sokac, Marko"]
[Result "0-1"]
[WhiteElo "2211"]
[BlackElo "2314"]
[PlyCount "134"]
[EventDate "2015.05.20"]
[EventType "team-swiss"]
[EventRounds "6"]
[EventCountry "CRO"]
[SourceTitle "CBM 166 Extra"]
[Source "ChessBase"]
[SourceDate "2015.06.18"]
[SourceVersion "1"]
[SourceVersionDate "2015.06.18"]
[SourceQuality "1"]
[WhiteTeam "Slavonski Brod"]
[BlackTeam "Novo Virje Konaki"]
[WhiteTeamCountry "CRO"]
[BlackTeamCountry "CRO"]

1. Nf3 c5 2. c3 Nf6 3. d4 e6 4. g3 Be7 5. Bg2 cxd4 6. cxd4 d5 7. 0-0 0-0 8. Nc3 Nc6 9. Qd3 b6 10. Rd1 Bb7 11. Ne1 Rc8 12. Bf4 Na5 13. b3 Ba3 14. Bc1 Bb4 15. Bb2 Qe7 16. Rac1 Rc7 17. Nb1 Rfc8 18. Nf3 Ne4 19. Bf1 Qf6 20. Rxc7 Rxc7 21. Rc1 Rxc1 22. Bxc1 Nc6 23. Be3 a6 24. Bg2 h6 25. Qc2 g5 26. a3 Bd6 27. Qd3 Qe7 28. b4 Nb8 29. Nfd2 f5 30. f3 Nxd2 31. Qxd2 Bc6 32. Nc3 Nd7 33. Bf2 b5 34. e4 Nb6 35. exf5 exf5 36. Qd3 Qe6 37. Bh3 g4 38. fxg4 fxg4 39. Bg2 Nc4 40. Nd1 Be7 41. Be3 Kg7 42. Kf2 Be8 43. Nc3 Bg6 44. Qe2 Qf5+ 45. Kg1 Nxe3 46. Qxe3 Bg5 47. Qe1 Bf7 48. Qe2 h5 49. Qe1 Qd3 50. Ne2 Bg6 51. Nf4 Qxd4+ 52. Kh1 Bxf4 53. gxf4 Be4 54. Qc1 Qc4 55. Qa1+ Kg6 56. Kg1 Bxg2 57. Kxg2 Qe2+ 58. Kg1 Qe3+ 59. Kg2 d4 60. Qa2 Qxf4 61. Qg8+ Kf5 62. Qh7+ Ke5 63. Qxh5+ Ke4 64. Qe8+ Kd3 65. Qd7 Qf3+ 66. Kg1 Ke2 67. Qe6+ Qe3+ 0-1

[Event "CRO-chT1B"]
[Site "Bol"]
[Date "2014.10.12"]
[Round "9.3"]
[White "Paljusaj, Edmond"]
[Black "Vukelic, Tomislav"]
[Result "1/2-1/2"]
[WhiteElo "2329"]
[BlackElo "2178"]
[PlyCount "120"]
[EventDate "2014.10.04"]
[EventType "team-tourn"]
[EventRounds "9"]
[EventCountry "CRO"]
[SourceTitle "CBM 162 Extra"]
[Source "ChessBase"]
[SourceDate "2014.10.17"]
[SourceVersion "1"]
[SourceVersionDate "2014.10.17"]
[SourceQuality "1"]
[WhiteTeam "Bibinje Goran"]
[BlackTeam "Slavonski Brod"]
[WhiteTeamCountry "CRO"]
[BlackTeamCountry "CRO"]

1. e4 c5 2. Nf3 e6 3. d4 cxd4 4. Nxd4 a6 5. c4 Nf6 6. Nc3 Qc7 7. a3 b6 8. Be2 Bb7 9. f3 Be7 10. Be3 d6 11. 0-0 0-0 12. Rc1 Rc8 13. b4 Nbd7 14. Qd2 Qd8 15. Nb3 Rab8 16. Bf4 Qf8 17. Rfd1 Ne5 18. Na4 Bc6 19. Nb2 Nfd7 20. Kh1 h6 21. Bg3 Rd8 22. Qe3 Ng6 23. Nd3 Ba4 24. Nb2 Bg5 25. Qc3 Bxc1 26. Rxc1 Bxb3 27. Qxb3 a5 28. Rd1 e5 29. Na4 axb4 30. axb4 h5 31. Bf2 Nf4 32. Bf1 Qe7 33. g3 Ne6 34. Qd3 Qf6 35. Be2 Nd4 36. Bxd4 exd4 37. Qxd4 Qxd4 38. Rxd4 Nf6 39. Nc3 Kf8 40. Kg2 Ke7 41. Nd5+ Nxd5 42. Rxd5 g6 43. Rb5 Kd7 44. h4 Rh8 45. Kf2 Kc7 46. Ke3 Rhe8 47. Kd4 Red8 48. Rg5 Ra8 49. f4 Rg8 50. f5 Kd7 51. fxg6 fxg6 52. Bd3 Ke6 53. Rb5 Rab8 54. e5 dxe5+ 55. Rxe5+ Kf6 56. Rb5 Rgd8+ 57. Kc3 Re8 58. Kd4 Red8+ 59. Kc3 Re8 60. Kd4 Red8+ 1/2-1/2

[Event "CRO-chT1B"]
[Site "Bol"]
[Date "2014.10.08"]
[Round "5.1"]
[White "Vukelic, Tomislav"]
[Black "Susak, Zeljko"]
[Result "1/2-1/2"]
[WhiteElo "2178"]
[BlackElo "2189"]
[PlyCount "44"]
[EventDate "2014.10.04"]
[EventType "team-tourn"]
[EventRounds "9"]
[EventCountry "CRO"]
[SourceTitle "CBM 162 Extra"]
[Source "ChessBase"]
[SourceDate "2014.10.17"]
[SourceVersion "1"]
[SourceVersionDate "2014.10.17"]
[SourceQuality "1"]
[WhiteTeam "Slavonski Brod"]
[BlackTeam "Split Brda"]
[WhiteTeamCountry "CRO"]
[BlackTeamCountry "CRO"]

1. c4 Nf6 2. Nc3 e6 3. g3 d5 4. cxd5 exd5 5. d4 Be7 6. Bg2 0-0 7. Nf3 c6 8. 0-0 Nbd7 9. Qc2 Re8 10. Bf4 Nf8 11. Rad1 Ng6 12. Bg5 Ne4 13. Bxe7 Qxe7 14. e3 Bf5 15. Nxe4 Bxe4 16. Qd2 h6 17. a3 Qd6 18. Qe2 Rac8 19. Qd2 Ra8 20. Qe2 Rac8 21. Qd2 Ra8 22. Qe2 Rac8 1/2-1/2

[Event "CRO-chT"]
[Site "Bol"]
[Date "2014.05.17"]
[Round "5.12"]
[White "Begonja, Veljko"]
[Black "Vukelic, Tomislav"]
[Result "0-1"]
[WhiteElo "2213"]
[BlackElo "2166"]
[PlyCount "136"]
[EventDate "2014.05.14"]
[EventType "team-swiss"]
[EventRounds "6"]
[EventCountry "CRO"]
[SourceTitle "CBM 160 Extra"]
[Source "ChessBase"]
[SourceDate "2014.07.01"]
[SourceVersion "1"]
[SourceVersionDate "2014.07.01"]
[SourceQuality "1"]
[WhiteTeam "Rijeka Junior"]
[BlackTeam "Slavonski Brod Djakovic"]
[WhiteTeamCountry "CRO"]
[BlackTeamCountry "CRO"]

1. d4 d5 2. Nf3 c6 3. e3 Nf6 4. Bd3 g6 5. b3 Bg7 6. Bb2 0-0 7. Nbd2 Bg4 8. 0-0 Nbd7 9. h3 Bxf3 10. Nxf3 a5 11. a4 Re8 12. c4 e6 13. Qc2 Qc7 14. Rac1 Rec8 15. Rfd1 Qd8 16. Qb1 Bf8 17. Ne5 Be7 18. Qa2 Qf8 19. Nxd7 Nxd7 20. cxd5 exd5 21. Bc3 Bb4 22. Qd2 Bxc3 23. Rxc3 Qb4 24. Qc2 Nf6 25. Rc1 Re8 26. Qd1 Kg7 27. Qf3 Re7 28. Qd1 Rae8 29. Qc2 Nd7 30. Bf1 Nf6 31. Bd3 Nd7 32. Be2 Nf6 33. Bf3 h5 34. Rd3 Ra8 35. Qc5 Ne8 36. Qxb4 axb4 37. Rd2 Nd6 38. Ra2 Ra5 39. Rac2 Re8 40. Rc5 Rea8 41. g3 f5 42. Kf1 Kf6 43. h4 Ke6 44. Bg2 Ne4 45. Rxa5 Rxa5 46. Ke2 Nc3+ 47. Kd3 Kd6 48. f3 b5 49. Ra1 bxa4 50. bxa4 c5 51. dxc5+ Kxc5 52. Kc2 Rxa4 53. Rxa4 Nxa4 54. Bf1 Nb6 55. Bd3 Nc4 56. e4 fxe4 57. fxe4 Ne5 58. Be2 dxe4 59. Kb3 Kd4 60. Kxb4 Ke3 61. Bb5 Kd2 62. Kc5 e3 63. Kd4 Ng4 64. Ke4 e2 65. Bxe2 Kxe2 66. Kf4 Kf2 67. Kg5 Kxg3 68. Kxg6 Kxh4 0-1

[Event "CRO-chT Cup 22nd"]
[Site "Bol"]
[Date "2013.05.25"]
[Round "5.62"]
[White "Vukelic, Tomislav"]
[Black "Miletic, Josip"]
[Result "1/2-1/2"]
[WhiteElo "2198"]
[BlackElo "2227"]
[PlyCount "27"]
[EventDate "2013.05.22"]
[EventType "team"]
[EventRounds "6"]
[EventCountry "CRO"]
[SourceTitle "CBM 154 Extra"]
[Source "ChessBase"]
[SourceDate "2013.06.25"]
[SourceVersion "2"]
[SourceVersionDate "2013.06.25"]
[SourceQuality "1"]
[WhiteTeam "Slavonski Brod"]
[BlackTeam "Nasice Slavonac"]
[WhiteTeamCountry "CRO"]
[BlackTeamCountry "CRO"]

1. e4 d6 2. d4 Nf6 3. Bd3 e5 4. c3 g6 5. Nf3 Nbd7 6. 0-0 Bg7 7. Re1 0-0 8. Bg5 h6 9. Bh4 Re8 10. Nbd2 Nf8 11. dxe5 dxe5 12. Nc4 Bg4 13. h3 Bxf3 14. Qxf3 1/2-1/2

[Event "CRO-chT1A 21st"]
[Site "Sibenik"]
[Date "2012.09.28"]
[Round "6.46"]
[White "Sulava, Nenad"]
[Black "Vukelic, Tomislav"]
[Result "1-0"]
[WhiteElo "2496"]
[BlackElo "2214"]
[PlyCount "57"]
[EventDate "2012.09.23"]
[EventType "team-tourn"]
[EventRounds "9"]
[EventCountry "CRO"]
[SourceTitle "CBM 150 Extra"]
[Source "ChessBase"]
[SourceDate "2012.10.19"]
[SourceVersion "1"]
[SourceVersionDate "2012.10.19"]
[SourceQuality "1"]
[WhiteTeam "Osijek"]
[BlackTeam "Slavonski Brod"]
[WhiteTeamCountry "CRO"]
[BlackTeamCountry "CRO"]

1. Nf3 Nf6 2. g3 b6 3. Bg2 Bb7 4. c4 g6 5. b3 Bg7 6. Bb2 c5 7. 0-0 0-0 8. d4 Ne4 9. Qc2 cxd4 10. Bxd4 Na6 11. Bxg7 Kxg7 12. Rd1 Qc8 13. Nd4 Nf6 14. e4 d6 15. Nc3 Ne8 16. Qb2 f6 17. Rd2 Nac7 18. Rad1 Qg4 19. h3 Qg5 20. Kh2 Rb8 21. Nd5 Rf7 22. f4 Qh6 23. e5 Kf8 24. Nxc7 Nxc7 25. exd6 Bxg2 26. dxc7 Qxh3+ 27. Kg1 Rc8 28. Rxg2 Rxc7 29. Qe2 1-0

[Event "Split op 2nd"]
[Site "Split"]
[Date "2012.08.17"]
[Round "7"]
[White "Glavan, Marko"]
[Black "Vukelic, Tomislav"]
[Result "0-1"]
[WhiteElo "1940"]
[BlackElo "2204"]
[PlyCount "80"]
[EventDate "2012.08.11"]
[EventType "swiss"]
[EventRounds "9"]
[EventCountry "CRO"]
[SourceTitle "CBM 149 Extra"]
[Source "ChessBase"]
[SourceDate "2012.08.24"]
[SourceVersion "1"]
[SourceVersionDate "2012.08.24"]
[SourceQuality "1"]

1. e4 e6 2. d4 d5 3. Nc3 dxe4 4. Nxe4 Bd7 5. Nf3 Bc6 6. Bd3 Nf6 7. Qe2 Bxe4 8. Bxe4 Nxe4 9. Qxe4 c6 10. Bg5 Be7 11. h4 Qd5 12. Qe2 Bd6 13. h5 h6 14. Bd2 b5 15. g4 Nd7 16. g5 Nb6 17. a3 Nc4 18. 0-0-0 Nxd2 19. Nxd2 Bf4 20. g6 fxg6 21. hxg6 0-0 22. Kb1 Bxd2 23. Qxd2 Rf5 24. Rde1 Rg5 25. Rhg1 Rxg1 26. Rxg1 Rf8 27. Re1 Qf5 28. Qe3 Rf6 29. Qc3 Rxg6 30. Qxc6 Kh7 31. f3 Rf6 32. Re3 Qd5 33. Qxd5 exd5 34. Kc1 Kg6 35. Kd2 Kf5 36. Re5+ Kf4 37. Rxd5 Kxf3 38. Rxb5 g5 39. Re5 g4 40. Re8 g3 0-1

[Event "CRO Cup 21st"]
[Site "Sibenik"]
[Date "2012.05.19"]
[Round "5.63"]
[White "Vukelic, Tomislav"]
[Black "Livaic, Damir"]
[Result "1/2-1/2"]
[WhiteElo "2215"]
[BlackElo "2064"]
[PlyCount "35"]
[EventDate "2012.05.16"]
[EventType "team-swiss"]
[EventRounds "6"]
[EventCountry "CRO"]
[SourceTitle "CBM 148 Extra"]
[Source "ChessBase"]
[SourceDate "2012.06.22"]
[SourceVersion "1"]
[SourceVersionDate "2012.06.22"]
[SourceQuality "1"]
[WhiteTeam "Slavonski Brod"]
[BlackTeam "Velika Gorica"]
[WhiteTeamCountry "CRO"]
[BlackTeamCountry "CRO"]

1. d4 Nf6 2. c3 e6 3. Nf3 b6 4. g3 Bb7 5. Bg2 Be7 6. 0-0 0-0 7. Bg5 d6 8. Bxf6 Bxf6 9. Qc2 Nd7 10. Ng5 Bxg5 11. Bxb7 Rb8 12. Bg2 c5 13. e3 Qc7 14. Qe2 b5 15. a3 g6 16. Nd2 Bf6 17. h4 e5 18. Ne4 1/2-1/2

[Event "CRO Cup 21st"]
[Site "Sibenik"]
[Date "2012.05.17"]
[Round "3.43"]
[White "Vukelic, Tomislav"]
[Black "Bender, Ivan"]
[Result "1/2-1/2"]
[WhiteElo "2215"]
[BlackElo "2257"]
[PlyCount "106"]
[EventDate "2012.05.16"]
[EventType "team-swiss"]
[EventRounds "6"]
[EventCountry "CRO"]
[SourceTitle "CBM 148 Extra"]
[Source "ChessBase"]
[SourceDate "2012.06.22"]
[SourceVersion "1"]
[SourceVersionDate "2012.06.22"]
[SourceQuality "1"]
[WhiteTeam "Slavonski Brod"]
[BlackTeam "Dubrovnik"]
[WhiteTeamCountry "CRO"]
[BlackTeamCountry "CRO"]

1. Nf3 Nf6 2. g3 c5 3. Bg2 g6 4. 0-0 Bg7 5. c4 0-0 6. Nc3 d6 7. d4 cxd4 8. Nxd4 a6 9. b3 Qc7 10. Bb2 Nc6 11. Rc1 Nxd4 12. Qxd4 Be6 13. Na4 Nh5 14. Qd2 Bxb2 15. Qxb2 Rac8 16. c5 d5 17. Nb6 Rcd8 18. Rfd1 Nf6 19. Qd4 Bd7 20. Nxd5 Nxd5 21. Qxd5 Bc6 22. Qg5 Bxg2 23. Kxg2 Rd7 24. Qf4 Rc8 25. Rxd7 Qxd7 26. Qc4 Qc6+ 27. Kg1 Rd8 28. Qc2 h5 29. b4 h4 30. Rd1 Rxd1+ 31. Qxd1 h3 32. f3 Qe6 33. Kf2 Qxa2 34. Qd8+ Kg7 35. Qxe7 Qb1 36. Qh4 Qb2 37. Qe4 Qc3 38. Qxb7 Qd4+ 39. Ke1 Qg1+ 40. Kd2 Qxh2 41. c6 Qxg3 42. c7 Qf4+ 43. Kc2 Qc4+ 44. Kb2 Qxe2+ 45. Ka3 Qd3+ 46. Ka4 h2 47. f4 h1Q 48. Qxh1 Qd7+ 49. Kb3 Qxc7 50. Qa1+ f6 51. Qxa6 Qxf4 52. b5 Qe3+ 53. Kb4 Qd4+ 1/2-1/2

[Event "Zadar op-A 18th"]
[Site "Zadar"]
[Date "2011.12.15"]
[Round "7"]
[White "Vukelic, Tomislav"]
[Black "Arjun, Bharat"]
[Result "1/2-1/2"]
[WhiteElo "2236"]
[BlackElo "2178"]
[PlyCount "50"]
[EventDate "2011.12.11"]
[EventType "swiss"]
[EventRounds "9"]
[EventCountry "CRO"]
[SourceTitle "CBM 145 Extra"]
[Source "ChessBase"]
[SourceDate "2012.01.03"]
[SourceVersion "1"]
[SourceVersionDate "2012.01.03"]
[SourceQuality "1"]

1. Nf3 Nf6 2. e3 g6 3. b3 Bg7 4. Bb2 0-0 5. Be2 d6 6. d4 Bg4 7. 0-0 Nbd7 8. c4 Re8 9. Nc3 e5 10. Rc1 c6 11. b4 e4 12. Nd2 Bxe2 13. Qxe2 h5 14. a4 Qe7 15. Ba3 b6 16. Rfd1 Rad8 17. Nb3 Ng4 18. b5 c5 19. Nd5 Qg5 20. Bb2 cxd4 21. exd4 e3 22. f3 Nf2 23. Re1 Nh3+ 24. Kh1 Nf2+ 25. Kg1 Nh3+ 1/2-1/2

[Event "CRO-chT1A 20th"]
[Site "Sibenik"]
[Date "2011.10.08"]
[Round "5.5"]
[White "Vukelic, Tomislav"]
[Black "Zivkovic, Vjekoslav"]
[Result "1/2-1/2"]
[WhiteElo "2231"]
[BlackElo "2379"]
[PlyCount "30"]
[EventDate "2011.10.04"]
[EventType "team-tourn"]
[EventRounds "9"]
[EventCountry "CRO"]
[SourceTitle "CBM 144 Extra"]
[Source "ChessBase"]
[SourceDate "2011.10.28"]
[SourceVersion "1"]
[SourceVersionDate "2011.10.28"]
[SourceQuality "1"]
[WhiteTeam "Slavonski Brod"]
[BlackTeam "Osijek"]
[WhiteTeamCountry "CRO"]
[BlackTeamCountry "CRO"]

1. Nf3 Nf6 2. g3 g6 3. Bg2 Bg7 4. 0-0 0-0 5. d4 d6 6. a4 a5 7. b3 Nc6 8. Bb2 e5 9. dxe5 Ng4 10. Qc1 Ngxe5 11. Nxe5 Nxe5 12. f4 Nd7 13. e4 Nc5 14. Bxg7 Kxg7 15. Nc3 f5 1/2-1/2

[Event "CRO-chT1A 20th"]
[Site "Sibenik"]
[Date "2011.10.05"]
[Round "2.3"]
[White "Armanda, Ivica"]
[Black "Vukelic, Tomislav"]
[Result "1/2-1/2"]
[WhiteElo "2396"]
[BlackElo "2231"]
[PlyCount "59"]
[EventDate "2011.10.04"]
[EventType "team-tourn"]
[EventRounds "9"]
[EventCountry "CRO"]
[SourceTitle "CBM 144 Extra"]
[Source "ChessBase"]
[SourceDate "2011.10.28"]
[SourceVersion "1"]
[SourceVersionDate "2011.10.28"]
[SourceQuality "1"]
[WhiteTeam "Mravince"]
[BlackTeam "Slavonski Brod"]
[WhiteTeamCountry "CRO"]
[BlackTeamCountry "CRO"]

1. e4 e5 2. Nf3 Nc6 3. Bc4 Bc5 4. c3 Nf6 5. d4 exd4 6. cxd4 Bb4+ 7. Nc3 Nxe4 8. 0-0 Bxc3 9. d5 Ne5 10. Qe2 0-0 11. bxc3 Nxc4 12. Qxe4 Nd6 13. Qd3 Qf6 14. Bg5 Qf5 15. Qxf5 Nxf5 16. g4 f6 17. Bf4 Nd6 18. Bxd6 cxd6 19. Nd4 b6 20. Rfe1 Bb7 21. Nf5 g6 22. Ne3 Rac8 23. c4 Ba6 24. Rac1 Rfe8 25. Kg2 Kf8 26. Red1 Rc5 27. a4 Rec8 28. Rd4 Ra5 29. Ra1 Rac5 30. Rc1 1/2-1/2

[Event "CRO-Cup 20th"]
[Site "Sibenik"]
[Date "2011.05.21"]
[Round "5.14"]
[White "Kuljasevic, Davorin"]
[Black "Vukelic, Tomislav"]
[Result "1-0"]
[WhiteElo "2537"]
[BlackElo "2230"]
[PlyCount "111"]
[EventDate "2011.05.18"]
[EventType "team-swiss"]
[EventRounds "6"]
[EventCountry "CRO"]
[SourceTitle "CBM 142 Extra"]
[Source "ChessBase"]
[SourceDate "2011.06.27"]
[SourceVersion "1"]
[SourceVersionDate "2011.06.27"]
[SourceQuality "1"]
[WhiteTeam "Zagreb Mladost"]
[BlackTeam "Slavonski Brod"]
[WhiteTeamCountry "CRO"]
[BlackTeamCountry "CRO"]

1. d4 Nf6 2. c4 g6 3. Nf3 Bg7 4. g3 0-0 5. Bg2 d6 6. 0-0 Nc6 7. Nc3 Bf5 8. d5 Na5 9. Nd4 Bd7 10. Qd3 c5 11. Nc2 a6 12. Rb1 b5 13. b3 Rb8 14. Bd2 Qc7 15. h3 Rb7 16. Ne3 Rfb8 17. Rfc1 Qd8 18. Ncd1 Ne8 19. Be1 Ra7 20. Qd2 Nb7 21. Nc2 b4 22. a3 bxa3 23. Nxa3 Nc7 24. Nb2 Qc8 25. Kh2 Nd8 26. Nd3 a5 27. Qd1 Qa6 28. Qd2 Qc8 29. Qe3 Bf8 30. Qf3 Bg7 31. e4 e5 32. Bc3 f6 33. Qe2 Nf7 34. Rb2 Ng5 35. h4 Nf7 36. Ra1 Rba8 37. Nb1 Bh6 38. Rba2 a4 39. Qd1 Qe8 40. Bh3 f5 41. exf5 gxf5 42. Qh5 Qc8 43. bxa4 Ne8 44. a5 Qa6 45. Na3 Rb7 46. Qd1 Rab8 47. Rb2 e4 48. Rxb7 Rxb7 49. Nf4 Ne5 50. Ne6 Nf6 51. Bxe5 dxe5 52. Nxc5 Qa7 53. Nxb7 Qxf2+ 54. Kh1 e3 55. Qg1 Qb2 56. Nc5 1-0

[Event "CRO-Cup 20th"]
[Site "Sibenik"]
[Date "2011.05.19"]
[Round "2.64"]
[White "Vukelic, Tomislav"]
[Black "Matanovic, Luka"]
[Result "1/2-1/2"]
[WhiteElo "2230"]
[BlackElo "1856"]
[PlyCount "45"]
[EventDate "2011.05.18"]
[EventType "team-swiss"]
[EventRounds "6"]
[EventCountry "CRO"]
[SourceTitle "CBM 142 Extra"]
[Source "ChessBase"]
[SourceDate "2011.06.27"]
[SourceVersion "1"]
[SourceVersionDate "2011.06.27"]
[SourceQuality "1"]
[WhiteTeam "Slavonski Brod"]
[BlackTeam "Slavonski Brod"]
[WhiteTeamCountry "CRO"]
[BlackTeamCountry "CRO"]

1. Nf3 d5 2. c4 d4 3. e3 Nc6 4. d3 e5 5. e4 Nf6 6. Be2 Be7 7. 0-0 0-0 8. Nbd2 h6 9. a3 a5 10. b3 Nh7 11. Re1 Ng5 12. Nxg5 Bxg5 13. Nf1 Bxc1 14. Qxc1 Be6 15. Ng3 Ne7 16. b4 Qd7 17. Qd2 axb4 18. axb4 Ra4 19. Reb1 Rfa8 20. Qb2 Qd6 21. Rxa4 Rxa4 22. Bd1 Ra6 23. h3 1/2-1/2

[Event "CRO-chT2 East"]
[Site "Osijek"]
[Date "2010.10.31"]
[Round "10.12"]
[White "Vukelic, Tomislav"]
[Black "Vernacki, Srdjan"]
[Result "1/2-1/2"]
[WhiteElo "2240"]
[BlackElo "2315"]
[PlyCount "109"]
[EventDate "2010.04.17"]
[EventType "team-tourn"]
[EventRounds "11"]
[EventCountry "CRO"]
[SourceTitle "EXT 2012"]
[Source "ChessBase"]
[SourceDate "2011.11.24"]
[SourceVersion "1"]
[SourceVersionDate "2011.11.24"]
[SourceQuality "1"]

1. d4 Nf6 2. Nf3 e6 3. e3 c5 4. dxc5 Qa5+ 5. Nbd2 Qxc5 6. a3 Be7 7. b4 Qc7 8. Bb2 0-0 9. c4 d6 10. Bd3 a6 11. 0-0 b6 12. Qc2 h6 13. Ne4 Nbd7 14. Rac1 Bb7 15. Nfd2 Rac8 16. Qb3 Qb8 17. Rfd1 Qa8 18. f3 Rfe8 19. Bb1 d5 20. Nxf6+ Bxf6 21. e4 d4 22. Qd3 e5 23. Bc2 Bg5 24. Ba4 Bc6 25. Bb3 Nf8 26. Rc2 Ng6 27. g3 Be3+ 28. Kg2 f5 29. b5 fxe4 30. fxe4 Bd7 31. c5+ Kh7 32. Bd5 Bxb5 33. Qxb5 axb5 34. Bxa8 Rxa8 35. cxb6 Re6 36. Nf1 Bg5 37. h4 Bf6 38. b7 Rb8 39. Rd3 Rxb7 40. Rb3 Ne7 41. Rc5 Reb6 42. Bxd4 exd4 43. e5 Bxe5 44. Rxe5 Nc6 45. Re6 Na5 46. Rxb6 Rxb6 47. Rb4 Nc6 48. Rb3 Ne5 49. Nd2 Kg6 50. Nf3 Nxf3 51. Kxf3 Re6 52. Kf4 Ra6 53. Rxb5 Rxa3 54. Rb6+ Kh7 55. Rd6 1/2-1/2